Lying on the postcolonial couch (Record no. 95183)
[ view plain ]
| 000 -LEADER | |
|---|---|
| fixed length control field | 01239nam a2200325 a 4500 |
| 082 04 - DEWEY DECIMAL CLASSIFICATION NUMBER | |
| Classification number | 302/.17 |
| 100 0# - MAIN ENTRY--AUTHOR NAME | |
| Personal name | Rukmini Bhaya Nair. |
| 245 10 - TITLE STATEMENT | |
| Title | Lying on the postcolonial couch |
| 260 ## - PUBLICATION, DISTRIBUTION, ETC. (IMPRINT) | |
| Place of publication | Minneapolis : |
| Name of publisher | University of Minnesota Press, |
| Year of publication | 2002. |
| 300 ## - PHYSICAL DESCRIPTION | |
| Number of Pages | xxxi, 308 p. |
| 500 ## - GENERAL NOTE | |
| General note | Includes index. |
| 650 #0 - SUBJECT ADDED ENTRY--TOPICAL TERM | |
| Topical Term | Apathy |
| Topical Term | Postcolonialism |
| 856 40 - ELECTRONIC LOCATION AND ACCESS | |
| Uniform Resource Identifier | http://site.ebrary.com/lib/rucke/Doc?id=10151261 |
No items available.
